| 000 | 00401nam a22001577a 4500 | ||
|---|---|---|---|
| 005 | 20250109083501.0 | ||
| 008 | 150423b xxu||||| |||| 00| 0 eng d | ||
| 040 | _cPK-LaUMT | ||
| 082 |
_a954.035 _bLAL-S |
||
| 100 |
_aLal Bahadur _94090 |
||
| 245 |
_aStruggle for Pakistan / _cby Lal Bahadur |
||
| 260 |
_aNew Delhi : _bSterling Publishers, _c1988 |
||
| 300 | _a341 p. | ||
| 546 | _aEng | ||
| 942 | _cBK | ||
| 999 |
_c70322 _d70322 |
||